000
00216 a2200109 4500
020
_a
9780811844529
041
_a
spa
100
_a
Boada, Francesc
245
_a
La Princesa y El Guisante
942
_c
BK
952
_7
4
999
_c
20668
_d
20668